| 000 | 00972nam a22002772 4500 | ||
|---|---|---|---|
| 001 | 16872 | ||
| 003 | BD-RjUL | ||
| 005 | 20211209000048.0 | ||
| 008 | 140215s1965 njua b 001 0 eng d | ||
| 035 |
_a(BD-RjUL)16927 _aOCLC ocm01672531 from D971104M |
||
| 040 |
_aDLC _cFQG _dSER _dEQO _dBD-RjUL _beng |
||
| 041 | _aeng | ||
| 082 | 0 | 0 |
_a629.437 _bTIB 1965 |
| 100 | 1 |
_aTischer, Friedrich J., _d1913- _952089 |
|
| 245 | 1 | 0 |
_aBasic theory of space communications / _cby Frederick J. Tischer. |
| 260 |
_aPrinceton, N.J. : _bVan Nostrand, _c1965. |
||
| 300 |
_axix, 463 p. : _billus. _c24 cm. |
||
| 490 | 1 | _aVan Nostrand series in electronics and communications | |
| 504 | _aIncludes bibliographical references and indexes. | ||
| 650 | 0 |
_aAstronautics _xCommunication systems. _947208 |
|
| 650 | 0 |
_aPlasma (Ionized gases) _952090 |
|
| 830 | 0 |
_aVan Nostrand series in electronics and communications _952105 |
|
| 942 |
_2ddc _cBK |
||
| 999 |
_c16872 _d16872 |
||